Semifinalistas da Copa do Brasil - Statistics

Estatísticas Gerais
  • Esse quiz foi jogado 206 vezes
  • A pontuação média é 28 de 34
Estatísticas das Respostas
Total Títulos Vices Semifinais Clube % Correto
9 3 (1995, 2002 e 2009) 4 (2001, 2008, 2018 e 2022) 2 (1997 e 2023) Corinthians
100%
16 4 (1990, 2006, 2013 e 2022) 5 (1997, 2003, 2004, 2017 e 2023) 7 (1989, 1993, 1995, 1996, 2014, 2018 e 2021) Flamengo
100%
16 5 (1989, 1994, 1997, 2001 e 2016) 4 (1991, 1993, 1995 e 2020) 7 (1996, 2010, 2012, 2013, 2017, 2019 e 2023) Grêmio
100%
5 2 (2014 e 2021) 1 (2016) 2 (2000 e 2002) Atlético Mineiro / Atlético MG
99%
9 4 (1998, 2012, 2015 e 2020) 1 (1996) 4 (1992, 1997, 1999 e 2018) Palmeiras
99%
7 1 (2023) 1 (2000) 5 (2002, 2012, 2015, 2020 e 2022) São Paulo
99%
11 6 (1993, 1996, 2000, 2003, 2017 e 2018) 2 (1998 e 2014) 3 (2005, 2016 e 2019) Cruzeiro
98%
6 1 (2007) 2 (1992 e 2005) 3 (2006, 2015 e 2022) Fluminense
98%
5 1 (1992) 2 (2009 e 2019) 2 (1999 e 2016) Internacional
98%
5 1 (2010) 1 (2015) 3 (1998, 2000 e 2014) Santos
97%
8 1 (2011) 1 (2006) 6 (1993, 1994, 1995, 1998, 2008 e 2009) Vasco
97%
4 1 (1999) 3 (2007, 2008 e 2017) Botafogo
93%
4 1 (2008) 1 (1989) 2 (1992 e 2003) Sport
93%
3 1 (2019) 2 (2013 e 2021) Athletico Paranaense / Athletico PR
90%
5 2 (2011 e 2012) 3 (1991, 2001 e 2009) Coritiba
88%
1 1 (2021) Fortaleza
86%
1 1 (1999) Juventude
86%
2 1 (1991) 1 (1990) Criciúma
84%
1 1 (2004) Santo André
84%
3 1 (1994) 2 (2005 e 2011) Ceará
82%
4 1 (1990) 3 (1989, 2003 e 2013) Goiás
82%
1 1 (2005) Paulista
80%
2 1 (2010) 1 (2004) Vitória
80%
1 1 (2020) América Mineiro / América MG
79%
1 1 (2007) Figueirense
72%
1 1 (1990) Náutico
72%
2 1 (2002) 1 (2007) Brasiliense
71%
1 1 (2010) Atlético Goianiense / Atlético GO
67%
1 1 (2001) Ponte Preta
66%
1 1 (2011) Avaí
64%
1 1 (1991) Remo
58%
1 1 (2006) Ipatinga
43%
1 1 (2004) 15 de Novembro
23%
1 1 (1994) Linhares
23%
Nenhum quiz correspondente encontrado
Distribuição das Pontuações
Porcentagem de Pessoas com Cada Pontuação
Percentil de Números Respondidos
Sua Pontuação Histórica
Você não jogou esse quiz